Edičná činnosť Výskumného ústavu lesného hospodárstva vo Zvolene

Podrobná bibliografia
Hlavný autor: Finta, Ladislav (Autor)
Médium: Článok
Jazyk:slovenčina
Predmet:

MARC

LEADER 00000nab a2200000 a 4500
001 vtls000387438
003 SK-MaSNL
005 20260302223217.0
008 111202c1989 xo 0 slo
015 |a SNBRA19rr/mm-uuuuu 
035 |a CL0387561 
040 |a SNKBUCL  |b slo  |c SNKBUCL  |e AACR2 
041 0 |a slo 
044 |a xo  |c SK 
080 |a 630.001.5:655.411  |2 1981 
080 |a 655.411  |2 1981 
080 |a 630.001.5  |2 1981 
100 1 |a Finta, Ladislav  |4 aut  |9 421189 
245 1 0 |a Edičná činnosť Výskumného ústavu lesného hospodárstva vo Zvolene  |c Ladislav Finta 
650 0 7 |a Výskumný ústav lesného hospodárstva (Zvolen, Slovensko)  |2 snkbucl  |9 930163 
651 7 |a 5311  |2 snkbucl  |9 277975 
655 7 |a články zo zborníkov  |2 snkbucl  |9 166140 
773 0 |t Ekonomika a riadenie lesného hospodárstva 18  |d Bratislava : Príroda, 1989 
850 |a Slovenská národná knižnica v Martine  |a MTA001 
852 |a SNK  |b KIS3GCP 
958 |a RK 
992 |a RZB 
999 |c 1519600  |d 1521530